Normal view
MARC view
Entry Topical Term
001 - CONTROL NUMBER
- control field: 31050
003 - CONTROL NUMBER IDENTIFIER
- control field: ARRUPE
005 - DATE AND TIME OF LATEST TRANSACTION
- control field: 20170524124724.0
008 - FIXED-LENGTH DATA ELEMENTS
- fixed length control field: 170524|| aca||aabn | a|a d
040 ## - CATALOGING SOURCE
- Original cataloging agency: ARRUPE
- Transcribing agency: ARRUPE
150 ## - HEADING--TOPICAL TERM
- Topical term or geographic name as entry element: Africa
- General subdivision: Antiquities
670 ## - SOURCE DATA FOUND
- Source citation: Work cat.: (ARRUPE)63330: Garlake, Peter S. 10048, The kingdoms of Africa, 1978